书目信息 |
| 题名: |
中国红木家具制作图谱
|
|
| 作者: | 李岩 主编 | |
| 分册: | 4 台案类 | |
| 出版信息: | 北京 中国林业出版社 2017 |
|
| 页数: | 256页 | |
| 开本: | 31cm | |
| 丛书名: | ||
| 单 册: | ||
| 中图分类: | TS664.1-64 | |
| 科图分类: | ||
| 主题词: | 红木科--木家具--制作--中国--图谱 , 桌台--红木科--木家具--制作--中国--图谱 | |
| 电子资源: | ||
| ISBN: | 978-7-5038-8813-7 | |
| 000 | 00869nam0 2200253 450 | |
| 001 | 6079 | |
| 005 | 20180530165756.57 | |
| 010 | @a978-7-5038-8813-7@b精装@dCNY328.00 | |
| 100 | @a20170328d2017 em y0chiy50 ea | |
| 101 | 0 | @achi |
| 102 | @aCN@b110000 | |
| 105 | @aa z 000yy | |
| 200 | 1 | @a中国红木家具制作图谱@9zhong guo hong mu jia ju zhi zuo tu pu@h4@i台案类@f李岩主编 |
| 210 | @a北京@c中国林业出版社@d2017 | |
| 215 | @a256页@d31cm | |
| 300 | @a大国匠造系列 | |
| 330 | @a本书通过实物图、CAD三视图、精雕效果图多角度全方位展示了台案类家具的制作方法。 | |
| 510 | 1 | @aAtlas of China Hongmu furniture making@hIV@iDesk sets@zeng |
| 606 | 0 | @a红木科@x木家具@x制作@y中国@j图谱 |
| 606 | 0 | @a桌台@x红木科@x木家具@x制作@y中国@j图谱 |
| 690 | @aTS664.1-64@v5 | |
| 701 | 0 | @a李岩@9li yan@4主编 |
| 801 | 0 | @aCN@b91MARC@c20170328 |
| 905 | @aMuseLib@dTS664.1-64@e55:4 | |
| 中国红木家具制作图谱.4.台案类/李岩主编.-北京:中国林业出版社,2017 |
| 256页;31cm |
| 大国匠造系列 |
| ISBN 978-7-5038-8813-7(精装):CNY328.00 |
| 本书通过实物图、CAD三视图、精雕效果图多角度全方位展示了台案类家具的制作方法。 |
| ● |
| 相关链接 |
|
|
|
|
正题名:中国红木家具制作图谱
索取号:TS664.1-64/55:4
 
预约/预借
| 序号 | 登录号 | 条形码 | 馆藏地/架位号 | 状态 | 备注 |
| 1 | 1116025 | 211160250 | 第二样本阅览室/ [索取号:TS664.1-64/55:4] | 在馆 | |
| 2 | 1116026 | 211160269 | 教育系资料室/ [索取号:TS664.1-64/55:4] | 在馆 |